| 000 | 00500nam a22002057a 4500 | ||
|---|---|---|---|
| 001 | 22152 | ||
| 005 | 20260330103222.0 | ||
| 008 | 260330b |||||||| |||| 00| 0 spa d | ||
| 041 | _aESP | ||
| 082 |
_a345.2 _bG88 |
||
| 100 | _aGuevara Vásquez, Iván Pedro | ||
| 245 | _aManual de litigación oral: una perspectiva fiscal | ||
| 260 |
_a : _b , _c2014 |
||
| 300 |
_a373 páginas : _b ; _c24 cm. |
||
| 440 | _a ; | ||
| 650 | _aDER | ||
| 654 | _aCDE | ||
| 700 | _a; | ||
| 942 |
_cLIB _dJUS _fJUS _2ddc |
||
| 999 |
_c22152 _d22152 |
||